Wszystkie miasta województwa łódzkiego - Quiz na mapie - Statystyki

Ogólne statystyki
  • Ten quiz został rozwiązany 35 razy
  • Średni wynik to 35 z 60
Odpowiedzi na mapie
Odpowiedzi zakodowano w zielono-czerwonej skali na mapie do tego quizu, zgodnie z poniższymi procentami.
 
Statystyki odpowiedzi
Odpowiedź % Poprawnych
Aleksandrów Łódzki
84%
Bełchatów
84%
Biała Rawska
84%
Brzeziny
84%
Kutno
84%
Konstantynów Łódzki
79%
Łódź
79%
Koluszki
74%
Radomsko
74%
Tomaszów Mazowiecki
74%
Piotrków Trybunalski
68%
Rawa Mazowiecka
68%
Sieradz
68%
Skierniewice
68%
Wieluń
68%
Błaszki
63%
Inowłódz
63%
Kamieńsk
63%
Kiernozia
63%
Łęczyca
63%
Łowicz
63%
Opoczno
63%
Pabianice
63%
Poddębice
63%
Wieruszów
63%
Białaczów
58%
Bolesławiec
58%
Bolimów
58%
Drzewica
58%
Działoszyn
58%
Głowno
58%
Grabów
58%
Jeżów
58%
Krośniewice
58%
Łask
58%
Uniejów
58%
Dąbrowice
53%
Pajęczno
53%
Sulejów
53%
Szadek
53%
Tuszyn
53%
Ujazd
53%
Zduńska Wola
53%
Zgierz
53%
Piątek
47%
Rzgów
47%
Stryków
47%
Warta
47%
Wolbórz
47%
Przedbórz
42%
Rozprza
42%
Ozorków
37%
Parzęczew
37%
Zelów
37%
Złoczew
37%
Żychlin
37%
Lutomiersk
32%
Osjaków
32%
Żarnów
32%
Lututów
26%
Nie znaleziono quizów pasujących do podanych kryteriów
Rozkład punktacji
Procent ludzi z każdym wynikiem
Percentyl według liczby udzielonych odpowiedzi
Twoja historia wyników
Nie rozwiązałeś tego quizu